Vista normal Vista MARC

Entrada Topical Term

Número de registros utilizados en: 2

001 - CONTROL NUMBER

  • control field: 7621

003 - CONTROL NUMBER IDENTIFIER

  • control field: OSt

005 - DATE AND TIME OF LATEST TRANSACTION

  • control field: 20200722155452.0

008 - FIXED-LENGTH DATA ELEMENTS

  • fixed length control field: 200722|| aca||aabn | a|a d

040 ## - CATALOGING SOURCE

  • Original cataloging agency: OSt
  • Transcribing agency: OSt

150 ## - HEADING--TOPICAL TERM

  • Topical term or geographic name entry element: Apertura económica
  • Chronological subdivision: 1990-1994
  • Geographic subdivision: Colombia

670 ## - SOURCE DATA FOUND

  • Source citation: Work cat.: (OSt)5595: Colombia. Ministerio de Hacienda y Crédito Público 7620, Una apertura hacia el futuro /, 1994